Tous les cantons de l'Essonne sur une carte - Statistiques

Statistiques générales
  • Ce quiz a été pris 150 fois
  • Le résultat moyen est 13 sur 21
Réponses sur la Carte
Les réponses sont colorées sur une échelle allant du rouge au vert en fonction du pourcentage des utilisateurs qui les ont devinées à leur premier essai. Vous pouvez retrouver ces pourcentages ci-dessous.
 
Statistiques - réponses
Canton % Correct
Évry-Courcouronnes
94%
Massy
88%
Étampes
87%
Palaiseau
84%
Corbeil-Essonnes
80%
Dourdan
73%
Yerres
69%
Brétigny-sur-Orge
63%
Gif-sur-Yvette
61%
Ris-Orangis
60%
Athis-Mons
59%
Arpajon
57%
Sainte-Geneviève-des-Bois
53%
Les Ulis
52%
Longjumeau
51%
Savigny-sur-Orge
51%
Viry-Châtillon
51%
Vigneux-sur-Seine
44%
Mennecy
43%
Draveil
40%
Épinay-sous-Sénart
40%
Aucun quiz correspondant
Distribution des résultats
% des personnes avec chaque résultat
Percentile par nombre de réponses
Votre historique - résultats
Vous n’avez pas pris ce quiz